| 000 | 01009nam a2200229 a 4500 | ||
|---|---|---|---|
| 001 | BRCA_8903 | ||
| 005 | 20190320210443.0 | ||
| 008 | 160617s1775----sp-#######---#000-0#spa-# | ||
| 041 | _aspa | ||
| 044 | _asp | ||
| 084 |
_aCO97 _b.F43 1775 |
||
| 100 | 1 |
_aFebrero, Joseph _922145 |
|
| 245 | 1 | 0 |
_aLibrería de escribanos, è instrucción jurídica teórico practica de principiantes _bobra utilísima no solo para escribanos, sino para toda clase de personas _csu autor D. Joseph Febrero; Quien lo dedica al Illmo. Sr. D. Pedro Rodríguez Campomanes; Tomo tercero. |
| 260 |
_aMadrid _cEn la imprenta de Antonio Pérez de Soto _e1775 |
||
| 300 |
_a[2], 382 p. (t.3) _c21 x 15.5 cm |
||
| 500 | _aCon privilegio, y licencias necesarias | ||
| 500 | _aEstado físico: presenta encuadernación en pergamino, con cintas rotas y algunas hojas manchadas | ||
| 650 | 1 | 4 |
_aDerecho procesal _yObras anteriores a 1800 _921693 |
| 650 | 1 | 4 |
_aDerecho _vManual _yObras anteriores a 1800 _922146 |
| 902 | _aCFM | ||
| 942 |
_2lcc _cB |
||
| 999 |
_c8554 _d8554 |
||